| 000 | 00638nam a2200193Ia 4500 | ||
|---|---|---|---|
| 003 | GCL | ||
| 008 | 140319s9999 xx 000 0 ara d | ||
| 040 |
_aGCL / _cGCL |
||
| 082 | 0 | 4 |
_a813.009 _bس ب |
| 100 | 1 | _aسيزا قاسم | |
| 245 | 1 | 0 |
_aبناء الرواية - دراسة مقارنة لثلاثية نجيب محفوظ / _cسيزا قاسم |
| 260 |
_a[S.N] : _bالهيئة المصرية العامة للكتاب ، _c1984 |
||
| 300 | _a179 ص | ||
| 490 |
_aدراسات ادبية _v0 |
||
| 650 | 0 | 4 | _aالادب العربى |
| 650 | 0 | 4 | _aالقصة العربية |
| 650 | 0 | 4 | _aتاريخ ونقد |
| 942 |
_2ddc _cBK |
||
| 999 |
_c27542 _d27542 |
||